|
|
|
|
| LEADER |
01488nam a2200313 a 4500 |
| 001 |
27669 |
| 008 |
140204s2012 bg a s f000 0 mul d |
| 020 |
|
|
|a 9789849014287
|
| 040 |
|
|
|a BD-DhAAL
|c BD-DhAAL
|
| 082 |
0 |
|
|a 315.492
|2 19
|
| 999 |
|
|
|c 14157
|d 14157
|
| 999 |
|
|
|c 11320
|
| 245 |
0 |
0 |
|a Statistical pocket book of Bangladesh 2011 :
|b Bāṃlādeśa parisaṃkhyāna pakeṭa bai.
|
| 246 |
3 |
1 |
|a Bāṃlādeśa parisaṃkhyāna pakeṭa bai.
|
| 246 |
1 |
|
|i Title varies slightly:
|a Statistical pocketbook of Bangladesh
|
| 246 |
1 |
4 |
|a Statistical pocketbook.
|p Bangladesh
|f <1994->
|
| 260 |
|
|
|a Dhaka :
|b Bangladesh Bureau of Statistics, Statistics Division, Ministry of Planning,
|c 2012
|
| 300 |
|
|
|a xix. 510 p. :
|b ill. ;
|c 14 cm.
|
| 310 |
|
|
|a Annual
|
| 500 |
|
|
|a Latest issue consulted: 2011.
|
| 541 |
1 |
|
|e 27669
|
| 546 |
|
|
|a Bengali and English.
|
| 651 |
|
0 |
|a Bangladesh
|v Statistics
|v Periodicals.
|9 3788
|
| 710 |
1 |
|
|a Bangladesh.
|b Parisaṃkhyāna Byuro.
|9 3789
|
| 852 |
4 |
|
|a Ayesha Abed Library
|j General shelf
|
| 942 |
|
|
|2 ddc
|c BK
|
| 952 |
|
|
|0 0
|1 0
|2 ddc
|4 0
|6 315_492000000000000_STA
|7 0
|9 23869
|a BRACUL
|b BRACUL
|c GEN
|d 2014-02-04
|l 0
|o 315.492 STA
|p 3010027669
|r 2014-02-04
|t 1
|w 2014-02-04
|y BK
|
| 952 |
|
|
|0 0
|1 0
|2 ddc
|4 0
|6 315_492000000000000_STA
|7 0
|9 55856
|a SCL
|b SCL
|c GEN
|d 2015-09-13
|g 135.00
|l 0
|o 315.492 STA
|p 3020007899
|r 2015-09-13
|t 2
|w 2015-09-13
|y BK
|
| 952 |
|
|
|0 0
|1 0
|2 ddc
|4 0
|6 315_492000000000000_STA
|7 0
|9 61809
|a SCL
|b SCL
|c GEN
|d 2017-11-07
|l 0
|o 315.492 STA
|p 3020007898
|r 2017-11-07
|t 3
|w 2017-11-07
|y BK
|